000 cam a22 7i 4500
999 _c7206
_d7206
003 OSt
005 20190115153246.0
008 190115e201809 spc|||| |||| 000 0 cat|d
017 _aDL B 21540-2018
_bBiblioteca de Catalunya
020 _a9788417611002
040 _aES-BaICIP
_bcat
_cCDMR
100 1 _aJulibert, Joan,
245 1 3 _aEl Poder de la mentida
_b: manipular la veritat per construir relats /
_cJoan Julibert
260 _aBarcelona :
_bEdicions Saldonar,
_c2018
300 _a187 p. ;
_c21 cm
500 _aBibliografia
650 0 7 _aMitjans de comunicació de massa
_xObjectivitat
_2lemac
650 0 7 _aÈtica periodística
_2lemac
942 _cMON